00758 a2200217 450000500170000001000130001702000260003003500130005603700180006908200080008710000260009524501230012126000270024427000100027130000190028170000250030070000290032594200270035499900190038195201400040020241128162921.0 aB-761283 a9789364686600c620.00 aB-761283 bGift/28.11.24 a510 aMalhotra, O.P.974308 aS. Chand's ICSE Mathematics;bAsper 2027 Syllabus for Class IX Book 1/cO.P. Malhotra , S.K. Gupta and Anubhuti Gangal aU.P.bS. Chand'sc2025 aU. P. aVp.c25cm (Pb) aGupta , S.K. 974251 aGangal, Anubhuti 974252 adplcCH2ddch540mMAL c207183d207183 001040708NFICaAVbAVd2024-11-28eGift/28.11.24g620.00l0o540 MALpB-761283r2024-11-28 00:00:00t1v620.00w2024-11-28yCHzGift